000
00188 a2200097 4500
020
_a
9687260319
041
_a
spa
100
_a
Anonimo
245
_a
El hombre en busca de dios
942
_c
BK
999
_c
30963
_d
30961